Kế toán tài chính; T2

Spremljeno u:
Bibliografski detalji
Glavni autor: Bùi Văn Dương
Format: Knjiga
Jezik:Undetermined
Izdano: H. Thống Kê 2003
Teme:
Oznake: Dodaj oznaku
Bez oznaka, Budi prvi tko označuje ovaj zapis!
Thư viện lưu trữ: Trung tâm Học liệu Trường Đại học Cần Thơ
LEADER 00472nam a2200181Ia 4500
001 CTU_53611
008 210402s9999 xx 000 0 und d
020 |b 55000 
082 |a 657 
082 |b D561/T2 
100 |a Bùi Văn Dương 
245 0 |a Kế toán tài chính; T2 
245 0 |c Bùi Văn Dương 
260 |a H. 
260 |b Thống Kê 
260 |c 2003 
650 |a accounting 
980 |a Trung tâm Học liệu Trường Đại học Cần Thơ